CLXXV aniversario de la muerte de Jovellanos. (Record no. 16764)

MARC details
000 -LEADER
campo de control de longitud fija 00820nam a2200229 i 4500
001 - NÚMERO DE CONTROL
campo de control 16764
003 - IDENTIFICADOR DE NÚMERO DE CONTROL
campo de control ES-MaACL
005 - FECHA Y HORA DE LA ÚLTIMA TRANSACCIÓN
campo de control 20240116184719.0
007 - CAMPO FIJO DE DESCRIPCIÓN FÍSICA--INFORMACIÓN GENERAL
campo de control de longitud fija t|
008 - DATOS DE LONGITUD FIJA--INFORMACIÓN GENERAL
campo de control de longitud fija 001102s1987 sp ||||1| spa d
080 ## - NÚMERO DE LA CLASIFICACIÓN DECIMAL UNIVERSAL
Número de la Clasificación Decimal Universal 929 Jovellanos, Gaspar Melchor de (067.5)
245 00 - MENCIÓN DEL TÍTULO
Título CLXXV aniversario de la muerte de Jovellanos.
260 ## - PUBLICACIÓN, DISTRIBUCIÓN, ETC.
Lugar de publicación, distribución, etc. [Gijón :
Nombre del editor, distribuidor, etc. Ateneo Obrero de Gijón,
Fecha de publicación, distribución, etc. 1987]
300 ## - DESCRIPCIÓN FÍSICA
Extensión [16] p. ;
Dimensiones 30 cm.
500 ## - NOTA GENERAL
Nota general Tit. tomado de la cub.
600 14 - PUNTO DE ACCESO ADICIONAL DE MATERIA--NOMBRE DE PERSONA
Nombre de persona Jovellanos, Gaspar Melchor de,
Fechas asociadas al nombre 1744-1811-
Subdivisión de forma Aniversarios y centenarios
9 (RLIN) 67052
700 1# - ENTRADA AGREGADA--NOMBRE PERSONAL
Nombre de persona Jovellanos, Gaspar Melchor de,
Fechas asociadas al nombre 1744-1811
9 (RLIN) 222580
710 2# - ENTRADA AGREGADA--NOMBRE DE ENTIDAD CORPORATIVA
Nombre de entidad corporativa o nombre de jurisdicción como elemento de entrada Ateneo Obrero de Gijón.
9 (RLIN) 2052
740 0# - ENTRADA AGREGADA--TÍTULO RELACIONADO/ANALÍTICO NO CONTROLADO
Título relacionado o analítico no controlado Ciento setenta y cinco aniversario de la muerte de Jovellanos.
852 ## - LOCALIZACIÓN
Ubicación ES-MaACL
Número de control de estantería 2155-F-12
Sublocalización o colección R.129187
Holdings
Estatus retirado Estado de pérdida Estado de daño No para préstamo Colección Biblioteca de origen Biblioteca actual Ubicación en estantería Fecha de adquisición Fuente de adquisición Total de préstamos Signatura topográfica completa Código de barras Visto por última vez Precio de reemplazo Tipo de ítem Koha
        Colección de folletos Biblioteca del Ateneo de Madrid Biblioteca del Ateneo de Madrid Depósito folletos 17/01/2008     2155-F-12 1017027 23/02/2023 23/02/2023 Folleto